000 00684nam a2200253Ia 4500
003 OSt
005 20220924125514.0
006 a|||||r|||| 00| 0
007 ta
008 220923b |||||||| |||| 00| 0 ben d
024 _a286938
037 _cTextual
040 _aARTS
_cARTS
_bben
041 _2ben
_aben
082 _aO157,1M61k, K2.1,1
100 _aDev
_9198386
245 0 _aRabindra rachana kosh
260 _aShantiniketan
_bVishwbharti India
_c1962
490 _vVol. 1 Part 1
650 _aBENGALI LITERATURE
700 _a Maity
_9198387
942 _hO157,1M61k, K2.1,1
_cTEXL
_2CC
999 _c422781
_d422781